01470nam a2200361 a 4500001001200000003000800012006001900020007001500039008004100054010001700095020004300112020002700155040002100182035002100203043001200224050002500236082001400261100002600275245013100301250001200432260006200444300002600506440002700532504005100559533015200610610004400762650006100806650005200867655002900919710001700948856012600965999001701091ebr10642225CaPaEBRm u cr cn|||||||||110608s2012 paua sb 001 0 eng d z 2011024364 z9780812243772 (hardcover : alk. paper) z9780812207040 (e-book) aCaPaEBRcCaPaEBR a(OCoLC)794700712 an------14aF1030.7b.L43 2012eb04a299.72231 aLeavelle, Tracy Neal.14aThe Catholic calumeth[electronic resource] :bcolonial conversions in French and Indian North America /cTracy Neal Leavelle. a1st ed. aPhiladelphia :bUniversity of Pennsylvania Press,cc2012. a255 p. :bill., maps. 0aEarly American studies aIncludes bibliographical references and index. aElectronic reproduction.bPalo Alto, Calif. :cebrary,d2013.nAvailable via World Wide Web.nAccess may be limited to ebrary affiliated libraries.20aJesuitsxMissionszNew FrancexHistory. 0aIndians of North AmericaxMissionszNew FrancexHistory. 0aIndians of North AmericazNew FrancexReligion. 7aElectronic books.2local2 aebrary, Inc.40uhttp://site.ebrary.com/lib/rucke/Doc?id=10642225zAn electronic book accessible through the World Wide Web; click to view c43736d43736